A Brief atlas of the human body / (Record no. 12256)

MARC details
000 -LEADER
fixed length control field 00603nam a22002052 4500
001 - CONTROL NUMBER
control field 0000024946
005 - DATE AND TIME OF LATEST TRANSACTION
control field 20151217155237.0
008 - FIXED-LENGTH DATA ELEMENTS--GENERAL INFORMATION
fixed length control field 140401s xx 000 0 eng d
020 ## - INTERNATIONAL STANDARD BOOK NUMBER
International Standard Book Number 080537373x :
040 ## - CATALOGING SOURCE
Original cataloging agency KABU
Transcribing agency KABU
245 12 - TITLE STATEMENT
Title A Brief atlas of the human body /
Statement of responsibility, etc. Matt Hutchinson ... [et al.].
250 ## - EDITION STATEMENT
Edition statement 1st ed.
260 ## - PUBLICATION, DISTRIBUTION, ETC. (IMPRINT)
Place of publication, distribution, etc. New York :
Name of publisher, distributor, etc. Pearson,
Date of publication, distribution, etc. 2007.
300 ## - PHYSICAL DESCRIPTION
Extent vii, 129 p.
650 #0 - SUBJECT ADDED ENTRY--TOPICAL TERM
Topical term or geographic name as entry element Human anatomy
General subdivision Atlases.
-- 0000180188
700 1# - ADDED ENTRY--PERSONAL NAME
Personal name Hutchinson, Matt.
-- 0000185275
852 1# - LOCATION
-- 4450 KES
908 ## - PUT COMMAND PARAMETER (RLIN)
Put command parameter 140401
950 ## - LOCAL HOLDINGS (RLIN)
-- 1
Holdings
Withdrawn status Lost status Source of classification or shelving scheme Not for loan Home library Current library Date acquired Total Checkouts Total Renewals Full call number Barcode Date last seen Date last checked out Price effective from Koha item type Cost, normal purchase price Copy number
    Library of Congress Classification   Kabarak, Main Campus Kabarak, Main Campus 17/12/2015 16 1 QM26 .B75 2007 c. 1 017860 07/02/2026 22/01/2026 17/12/2015 General Collection    
    Library of Congress Classification   Kabarak, Main Campus Kabarak, Main Campus 26/02/2019     QM26 .B75 2007 c. 1 023001 26/02/2019   26/02/2019 Reference 10775.86 c. 1
    Library of Congress Classification   Kabarak, Main Campus Kabarak, Main Campus 26/02/2019 10 1 QM26 .B75 2007 c. 3 022994 24/10/2025 14/10/2025 26/02/2019 General Collection 10775.86 c. 3
Designed with assistance from East African Informatics Ltd